000 00547cam a22002291 4500
001 7509173
005 20180130052932.0
008 730613s1963 xx 000 0 eng
010 _a 63017159
035 _a(OCoLC)642384
040 _aDLC
_cODaWU
_dOCoLC
_dDLC
041 _aeng
042 _apremarc
060 _aWM100
_b.P969t 1963
080 _a132
082 _a132 PRO
100 1 _a48
101 _aPSI
245 1 0 _aTextbook of abnormal psychology.
906 _a7
_bcbc
_coclcrpl
_du
_encip
_f19
_gy-gencatlg
942 _2ddc
_cBK
999 _c41270
_d41270